000 00501nam a2200169 i 4500
001 65044
003 ES-MaACL
005 20230906165303.0
007 t|
008 040108q19401949sp ||||1| spa d
100 1 _aFranken, Rose.
_952325
245 1 3 _aLa otra Claudia /
_cpor Rose Franken ; [versión castellana Federico Quells].
260 _aMadrid :
_bLa Nave,
_c[194-?] (
_fRoldán)
300 _a360 p. ;
_c16 cm.
700 1 _aQuells, Federico G.
_994509
852 _aES-MaACL
_jD-6703
_bR.29859
999 _c65044
_d65044